000 00549nam a2200193Ii 4500
003 JO-AjNU
008 230605s9999||||xx |||||||||||||| ||und||
040 _aJO-AjNU
_bara
_erda
_cJO-AjNU
041 _aara
050 1 4 _aQB723 1994
100 3 _aحديب، خيرية,
_eauthor
_919731
245 0 0 _aمذنب هالي والنبوآت
264 3 1 _aد. ن: د.م ، 1994
300 _a166ص
336 _atext
_btxt
_2rdacontent
337 _aunmediated
_bn
_2rdamedia
338 _avolume
_bnc
_2rdacarrier
650 4 _aمذنب هالي
_919732
999 _aA6563
_c10131
_d10131